Представление документа в формате MARC21

Поле Инд. ПП Название Значение
Тип записи a
Библиографический уровень m
001 Контрольный номер 78d3c939ea0d4551857f3337521c1bec
005 Дата корректировки 20260605113508.2
040 a Служба первич. каталог. 10013504
b Код языка каталог. rus
e Правила каталог. PSBO
041 0_ a Код языка текста rus
084 a Индекс другой классификации/Индекс ББК доп.
090 a Полочн. индекс 533
x Авторский знак Г 90
r Идентификатор организации 10013504
100 1_ a Автор Грудницкий В.Г.
245 10 a Заглавие Сверхзвуковое нестационарное обтекание затупленных тел
b Продолж. заглавия автореферат диссертации ... кандидата физико-математических наук : специальность 01.024 - Гидродинамика и газовая динамика
c Ответственность науч. рук. О.М. Белоцерковский, С.М. Белоцерковский; Московский физико-технический институт
260 a Место издания Москва
c Дата издания 1971
300 a Объем 10 с.
504 a Библиография Библиогр.: с.9-10(9 назв.)
653 0_ a Ключевые слова ТЕЛО ЗАТУПЛЕННОЕ; СВЕРХЗВУКОВОЕ ОБТЕКАНИЕ; НЕСТАЦИОНАРНОЕ ДВИЖЕНИЕ ГАЗА; АВТОРЕФЕРАТЫ
700 12 a Другие авторы Белоцерковский О.М.
e Роль лиц Научный руководитель
a Другие авторы Белоцерковский С.М.
e Роль лиц Научный руководитель
901 t Тип документа r
952 d Специальность 01.024 Гидродинамика и газовая динамика
a Тип литературы для КСУ ВШ БАНР
c Вид литературы автореферат